Music Quiz

Random Music or Lyrics Quiz

Lyrics: 'Cold Day in July' by the Dixie Chicks Quiz Stats

 Plays Quiz not verified by Sporcle

Score 0/211 Timer 08:00
0 Plays Today
% Correct
The
98.4%
the
98.4%
a
98.4%
in
98.4%
a
98.4%
I
98.4%
in
98.4%
in
98.4%
I
98.4%
in
98.4%
a
98.4%
in
98.4%
in
98.4%
I
98.4%
in
98.4%
The
98.4%
the
98.4%
a
98.4%
in
98.4%
in
98.4%
day
98%
cold
98%
day
98%
July
98%
cold
98%
day
98%
July
98%
cold
98%
day
98%
July
98%
day
98%
cold
98%
day
98%
July
98%
cold
98%
day
98%
July
98%
You
95.7%
you
95.7%
you
95.7%
you
95.7%
You
95.7%
You
95.7%
you
95.7%
you
95.7%
You
95.7%
you
95.7%
be
95.3%
be
95.3%
me
94.9%
me
94.9%
that
93.3%
that
93.3%
that
93.3%
that
93.3%
is
92.5%
and
92.5%
and
92.5%
is
92.5%
and
92.5%
and
92.5%
is
92.5%
and
92.5%
and
92.5%
would
92.1%
Would
92.1%
would
92.1%
would
92.1%
Would
92.1%
my
91.7%
leave
91.7%
% Correct
my
91.7%
my
91.7%
my
91.7%
my
91.7%
my
91.7%
leave
91.7%
we
90.9%
we
90.9%
said
90.6%
said
90.6%
said
90.6%
said
90.6%
said
90.6%
are
89%
are
89%
are
89%
always
88.6%
always
88.6%
It
87.4%
it
87.4%
On
87%
on
87%
on
87%
to
85.4%
to
85.4%
full
83.9%
All
83.9%
it's
83.9%
full
83.9%
All
83.9%
Your
83.5%
moon
83.1%
here
83.1%
here
83.1%
moon
83.1%
Here
83.1%
empty
82.7%
empty
82.7%
I've
81.9%
I've
81.9%
arms
81.1%
night
81.1%
arms
81.1%
night
81.1%
am
80.7%
am
80.7%
cried
80.3%
up,
80.3%
up
80.3%
away,
80.3%
away
80.3%
up,
80.3%
up
80.3%
away,
80.3%
away
80.3%
cried
80.3%
never
79.5%
not
79.1%
this
79.1%
as
78.7%
love
78.7%
as
78.7%
coming
78.3%
coming
78.3%
down
78.3%
But
78.3%
coming
78.3%
coming
78.3%
down
78.3%
long
78%
bags
78%
% Correct
out
78%
were
78%
our
78%
out
78%
long,
78%
packed,
77.6%
Street
77.2%
drive
77.2%
drive
77.2%
Street
77.2%
drive
77.2%
drive
77.2%
goodbye
76.8%
standing
76.8%
feet
76.8%
Watching
76.8%
watching
76.8%
standing
76.8%
feet
76.8%
Watching
76.8%
watching
76.8%
Sun's
76.4%
hands,
76.4%
bare
76.4%
sun's
76.4%
hands,
76.4%
bare
76.4%
Main
76%
Children
76%
Main
76%
Children
76%
pleaded
75.2%
die
75.2%
pleaded
75.2%
play
74.4%
play
74.4%
last
74%
word
73.6%
Head
73.6%
Head
73.6%
forever
73.2%
spoken
72.8%
everything
72.8%
shout
72%
they're
72%
shout
72%
they're
72%
gonna
71.7%
with
71.3%
running
71.3%
like
71.3%
like
71.3%
running
71.3%
so
68.9%
guess
68.5%
how
68.1%
feels
67.3%
Oh,
66.9%
looks
65%
weather
65%
get
64.6%
spring
63.8%
Time
63.4%
broken
63%
sunny
63%
promises
60.6%
comes
59.8%
moves
57.1%
slow
57.1%

You're not logged in!

Compare scores with friends on all Sporcle quizzes.
OR
Log In

You Might Also Like...

Show Comments

Extras

Top Quizzes Today


Score Distribution

Your Account Isn't Verified!

In order to create a playlist on Sporcle, you need to verify the email address you used during registration. Go to your Sporcle Settings to finish the process.

Report this User

Report this user for behavior that violates our Community Guidelines.

Details: